Score 0/45 Timer 10:00
0 Plays Today
% Correct
“They tip-toe.”
85%
“Nous protégeons ceux qui ne peuvent pas se protéger.”
83.8%
“That’s because it doesn’t hurt...”
82.9%
“If my dad tries to kill you, you’ll be dead.”
81.5%
“Someone could be falling in love with your smile.”
80.2%
“Well, police officers call it stalking.”
80.1%
“Maybe you just haven’t grown it yet.”
77.8%
“Slightly naked if you didn’t notice...”
75.2%
“I want to feel powerful.”
74.6%
“Terrified.”
74.4%
“We are not crazy.”
72%
“I love you, Scott...Scott McCall.”
72%
“I don’t want you to be normal. I want you to be alive.”
71.9%
“I mean, not every teenage girl comes home to a garage full of glocks and AK-47s.“
71.7%
“I don't think the people that own this place like this place. It's just for a night.“
71.7%
“I’m terrified...I’m always terrified.”
71.3%
“After everything we’ve been through, I believe you.”
69.6%
“That we were part of an online gaming community that battles mythical creatures.“
68.8%
“I’m failing Econ.”
68.7%
“They were actually Chinese Ring Daggers.”
68.1%
“Which one?”
67.2%
“...I could use a few friends.”
66.5%
“Just my studying. My life. My happiness. My will to live...”
66%
% Correct
“...Or do you want to paint my body?”
63.2%
“Sleeping. What the hell are you doing.”
60.1%
“...but you’re just making one mistake after another.”
59.5%
“I love you. I’m proud of you. I-I’m proud of us.”
59.4%
“Remember what it feels like!”
58.5%
“For what I did. And what I said. For everything.”
54.9%
“Like I needed someone to come and rescue me.”
54.1%
“There’s no time. It’s already night. There’s no time, Dad.”
52.4%
“I can take care of myself.”
51.4%
“Shoot it.”
50.9%
“Then what were you trying to do? Head-butt me?”
49.3%
“I don’t know if I made a mistake with Scott.”
47.2%
“I’m here to save my best friend.”
45.8%
“...bitch.”
43.4%
“And we need to find her before they do.”
43.3%
“What am I supposed to do?”
42.9%
“She didn’t shove it up your a-“
42.8%
“I still think the rest of this is totally insane.”
40.6%
“Part of you is doing something.”
38.8%
“Sounds like saving your own ass.”
37.1%
“Well, I am not the one turning teenagers into killers.”
36.7%
“Gerard is not my fault.”
34.8%
Remove Ads.
Support Sporcle.
Get the best of Sporcle when you Go Orange. This ad-free experience offers more features, more stats, and more fun while also helping to support Sporcle. Thank you for becoming a member.

You're not logged in!

Compare scores with friends on all Sporcle quizzes.
OR
Log In

Sporcle TV

Today on Sporcle TV


Watch our educational content, quiz creation guides, and fun videos on Sporcle TV.

Show Comments

Extras

Top Quizzes Today


Score Distribution

Paid Content

Your Account Isn't Verified!

In order to create a playlist on Sporcle, you need to verify the email address you used during registration. Go to your Sporcle Settings to finish the process.

Report this User

Report this user for behavior that violates our Community Guidelines.

Details: